[Event "TCh-CHN 2017"]
[Site "China CHN"]
[Date "2017.04.21"]
[Round "4.5"]
[Board "3"]
[White "Gao, Rui"]
[Black "Wan, Yunguo"]
[Result "1/2-1/2"]
[WhiteTitle "GM"]
[BlackTitle "GM"]
[WhiteElo "2546"]
[BlackElo "2486"]
[WhiteTeam "Hangzhou"]
[BlackTeam "Hebei"]
[WhiteFideId "8602387"]
[BlackFideId "8603189"]
[EventDate "2017.04.18"]

1. Nf3 Nf6 2. g3 d5 3. Bg2 g6 4. c4 c6 5. b3 Bg7 6. Bb2 O-O 7. O-O a5 8. d3 Bg4
9. Nbd2 Bxf3 10. Nxf3 Ne8 11. Qd2 Bxb2 12. Qxb2 e6 13. Rfe1 Qf6 14. Qa3 Nd7 15.
cxd5 exd5 16. e4 dxe4 17. dxe4 Ne5 18. Nxe5 Qxe5 19. Rad1 Nf6 20. Qd6 Rfe8 21.
f4 Qc3 22. Qd4 Qxd4+ 23. Rxd4 Rad8 24. Rxd8 Rxd8 25. e5 Ne8 26. Kf2 Nc7 27. Ke3
Nd5+ 28. Bxd5 Rxd5 29. Re2 a4 30. bxa4 Ra5 31. Rb2 Rxa4 32. Rxb7 Rxa2 33. Rc7
Rxh2 34. Rxc6 h5 35. Rc8+ Kg7 36. Rc7 Kg8 37. Rc8+ Kg7 38. Rc7 Kg8 39. Rc8+ 1/2-1/2

[Event "TCh-CHN 2017"]
[Site "China CHN"]
[Date "2017.04.21"]
[Round "4.5"]
[Board "4"]
[White "Wang, Doudou"]
[Black "Gu, Tianlu"]
[Result "0-1"]
[WhiteTitle "WIM"]
[BlackTitle "WIM"]
[WhiteElo "2191"]
[BlackElo "2197"]
[WhiteTeam "Hebei"]
[BlackTeam "Hangzhou"]
[WhiteFideId "8603197"]
[BlackFideId "8603995"]
[EventDate "2017.04.18"]

1. d4 d5 2. c4 c6 3. Nf3 Nf6 4. e3 g6 5. Bd3 Bg7 6. Nbd2 O-O 7. O-O Nbd7 8. b3
b6 9. Bb2 Bb7 10. Qe2 c5 11. Rfd1 e6 12. Ne5 Qe7 13. Rac1 Rfd8 14. Ndf3 Nxe5 15.
Nxe5 dxc4 16. Bxc4 cxd4 17. Bxd4 Nd5 18. h3 Rac8 19. Ba6 Rxc1 20. Rxc1 Qa3 21.
Rc7 Nxc7 22. Bxb7 Qc1+ 23. Kh2 Nd5 24. Qc4 Qxc4 25. bxc4 Nb4 26. a4 Bxe5+ 27.
Bxe5 Nd3 28. Bd4 Nc5 29. Bf3 Nxa4 30. g4 Rc8 31. Be2 Nc5 32. h4 Ne4 33. g5 Nxf2
34. Kg3 Ne4+ 35. Kf4 Nd6 36. c5 bxc5 37. Bc3 c4 38. Ke5 Nb5 39. Bb4 c3 40. Bxb5
c2 41. Ba3 c1=Q 42. Bxc1 Rxc1 43. Kf6 Rc5 44. Bd3 Rc3 0-1

[Event "TCh-CHN 2017"]
[Site "China CHN"]
[Date "2017.04.21"]
[Round "4.5"]
[Board "5"]
[White "Zhai, Mo"]
[Black "Zatonskih, Anna"]
[Result "1/2-1/2"]
[WhiteTitle "WGM"]
[BlackTitle "IM"]
[WhiteElo "2302"]
[BlackElo "2452"]
[WhiteTeam "Hebei"]
[BlackTeam "Hangzhou"]
[WhiteFideId "8600201"]
[BlackFideId "14101572"]
[EventDate "2017.04.18"]

1. d4 d5 2. c4 e6 3. Nc3 Nf6 4. Nf3 Be7 5. Bf4 O-O 6. e3 c5 7. dxc5 Bxc5 8. a3
Nc6 9. Qc2 Qa5 10. Nd2 Bb4 11. Rc1 Bxc3 12. Qxc3 Qxc3 13. Rxc3 e5 14. Bg5 Ne4
15. Nxe4 dxe4 16. f3 Bf5 17. c5 a5 18. Bc4 exf3 19. gxf3 Be6 20. Bb5 f6 21. Bh4
a4 22. O-O Rfd8 23. Rfc1 Rd2 24. R3c2 Rxc2 25. Rxc2 Bb3 26. Rc1 Kf7 27. Be1 Ke6
28. Kf2 f5 29. Bc3 g6 30. h4 Rc8 31. Bxc6 bxc6 32. f4 exf4 33. exf4 Kd5 34. Re1
Kxc5 35. Re7 h5 36. Rg7 Rg8 1/2-1/2

[Event "TCh-CHN 2017"]
[Site "China CHN"]
[Date "2017.04.21"]
[Round "4.6"]
[Board "1"]
[White "Ni, Hua"]
[Black "Lin, Chen"]
[Result "1-0"]
[WhiteTitle "GM"]
[BlackTitle "GM"]
[WhiteElo "2671"]
[BlackElo "2477"]
[WhiteTeam "Shanghai"]
[BlackTeam "Jiangsu"]
[WhiteFideId "8601160"]
[BlackFideId "8602298"]
[EventDate "2017.04.18"]

1. d4 d5 2. c4 c6 3. Nf3 Nf6 4. Nc3 a6 5. c5 Nbd7 6. Bf4 Nh5 7. Bd2 Nhf6 8. Rc1
g6 9. g3 Bg7 10. Bg2 O-O 11. O-O Ne4 12. Bf4 Nxc3 13. bxc3 b6 14. c4 dxc4 15.
Rxc4 b5 16. Rc1 Bb7 17. d5 Rc8 18. d6 e5 19. Bg5 f6 20. Be3 a5 21. h4 Qe8 22.
Bh3 e4 23. Qb3+ Kh8 24. Nd4 a4 25. Qe6 f5 26. h5 Qf7 27. Qxf7 Rxf7 28. Ne6 Be5
29. g4 fxg4 30. hxg6 Rf6 31. g7+ Kg8 32. Bxg4 Rg6 33. Ng5 Bf6 34. Bxd7 Bxg5 35.
Bxg5 Rxg5+ 36. Kh2 Rd8 37. Bh3 Bc8 38. Bxc8 Rxc8 39. Rg1 Rd5 40. Rg4 Re8 41. Rc3
h5 42. Rg1 Rd2 43. Re3 Re6 44. f3 b4 45. fxe4 b3 46. axb3 axb3 47. Rxb3 Rxe2+
48. Rg2 1-0

[Event "TCh-CHN 2017"]
[Site "China CHN"]
[Date "2017.04.21"]
[Round "4.6"]
[Board "2"]
[White "Zhou, Jianchao"]
[Black "Wei, Yi"]
[Result "1/2-1/2"]
[WhiteTitle "GM"]
[BlackTitle "GM"]
[WhiteElo "2597"]
[BlackElo "2743"]
[WhiteTeam "Shanghai"]
[BlackTeam "Jiangsu"]
[WhiteFideId "8603537"]
[BlackFideId "8603405"]
[EventDate "2017.04.18"]

1. Nf3 d5 2. d4 Nf6 3. c4 e6 4. Nc3 Bb4 5. Bg5 dxc4 6. e4 c5 7. Bxc4 cxd4 8.
Nxd4 Bxc3+ 9. bxc3 Qa5 10. Nb5 Nxe4 11. Qd4 O-O 12. Qxe4 a6 13. Be7 axb5 14. Bb4
Qc7 15. Bxf8 Kxf8 16. Bb3 Qxc3+ 17. Ke2 Qb2+ 18. Ke3 Qc3+ 19. Ke2 Qb2+ 20. Ke3
Qc3+ 21. Ke2 Qb2+ 1/2-1/2

[Event "TCh-CHN 2017"]
[Site "China CHN"]
[Date "2017.04.21"]
[Round "4.6"]
[Board "3"]
[White "Kryvoruchko, Yuriy"]
[Black "Yu, Ruiyuan"]
[Result "1-0"]
[WhiteTitle "GM"]
[BlackTitle "GM"]
[WhiteElo "2689"]
[BlackElo "2499"]
[WhiteTeam "Shanghai"]
[BlackTeam "Jiangsu"]
[WhiteFideId "14109182"]
[BlackFideId "8603090"]
[EventDate "2017.04.18"]

1. e4 c6 2. d4 d5 3. e5 Bf5 4. Nd2 e6 5. Nb3 Nd7 6. Nf3 Ne7 7. Be2 Bg6 8. O-O
Nf5 9. a4 a6 10. a5 c5 11. dxc5 Nxc5 12. Bg5 Qc7 13. c4 h6 14. Bf4 Rd8 15. Nxc5
Bxc5 16. b4 Ba7 17. Qa4+ Qd7 18. b5 axb5 19. cxb5 O-O 20. b6 Qxa4 21. Rxa4 Bb8
22. a6 bxa6 23. Bxa6 d4 24. g4 Ne7 25. b7 d3 26. Rc1 Nd5 27. Bd2 Rd7 28. Rc8 f6
29. exf6 Nc7 30. Ne5 1-0

[Event "TCh-CHN 2017"]
[Site "China CHN"]
[Date "2017.04.21"]
[Round "4.6"]
[Board "4"]
[White "Guo, Qi"]
[Black "Ju, Wenjun"]
[Result "1/2-1/2"]
[WhiteTitle "IM"]
[BlackTitle "GM"]
[WhiteElo "2396"]
[BlackElo "2567"]
[WhiteTeam "Jiangsu"]
[BlackTeam "Shanghai"]
[WhiteFideId "8604002"]
[BlackFideId "8603006"]
[EventDate "2017.04.18"]

1. d4 Nf6 2. Nf3 e6 3. c4 b6 4. g3 Ba6 5. Qa4 Bb7 6. Bg2 c5 7. O-O cxd4 8. Nxd4
Bxg2 9. Kxg2 Bc5 10. Rd1 O-O 11. Nc3 h6 12. Qc2 Qe7 13. b3 Nc6 14. Nxc6 dxc6 15.
Ne4 Nxe4 16. Qxe4 Qf6 17. Be3 Bxe3 18. Qxe3 Rfd8 19. Qf3 Qxf3+ 20. Kxf3 Kf8 21.
e3 Ke7 22. g4 f5 23. Kg3 Kf6 24. f3 g5 25. h3 c5 26. Kf2 Ke5 27. gxf5 exf5 28.
Ke2 a5 29. a4 Rab8 30. Rac1 Rbc8 31. Rb1 Rb8 32. Rbc1 Rbc8 33. Rb1 Rb8 1/2-1/2

[Event "TCh-CHN 2017"]
[Site "China CHN"]
[Date "2017.04.21"]
[Round "4.6"]
[Board "5"]
[White "Yuan, Ye"]
[Black "Ni, Shiqun"]
[Result "1/2-1/2"]
[BlackTitle "WGM"]
[WhiteElo "2159"]
[BlackElo "2441"]
[WhiteTeam "Jiangsu"]
[BlackTeam "Shanghai"]
[WhiteFideId "8608415"]
[BlackFideId "8608466"]
[EventDate "2017.04.18"]

1. d4 d5 2. c4 c6 3. Nf3 Nf6 4. e3 Bf5 5. Nc3 a6 6. Ne5 Nbd7 7. Qb3 Qc7 8. cxd5
Nxe5 9. dxe5 Nxd5 10. Nxd5 cxd5 11. Bd2 Qxe5 12. Qxb7 Rb8 13. Qxa6 Qxb2 14. Qc6+
Bd7 15. Qc3 e5 16. Bd3 Bd6 17. O-O Ke7 18. Rfb1 Qxc3 19. Bxc3 Rxb1+ 20. Rxb1 Rc8
21. Be1 e4 22. Be2 Rc2 23. Bd1 Rxa2 24. Bb3 Ra7 25. Bxd5 f5 26. Bc3 Be6 27. Rb7+
Rxb7 28. Bxb7 Kf7 29. g3 Bc4 30. f3 exf3 31. Bxf3 1/2-1/2

[Event "TCh-CHN 2017"]
[Site "China CHN"]
[Date "2017.05.23"]
[Round "5.1"]
[Board "1"]
[White "Lin, Chen"]
[Black "Wang, Yiye"]
[Result "1/2-1/2"]
[WhiteTitle "GM"]
[BlackTitle "IM"]
[WhiteElo "2477"]
[BlackElo "2435"]
[WhiteTeam "Jiangsu"]
[BlackTeam "Beijing"]
[WhiteFideId "8602298"]
[BlackFideId "8606021"]
[EventDate "2017.04.18"]

1. e4 e6 2. d4 d5 3. Nd2 Nf6 4. e5 Nfd7 5. Bd3 c5 6. c3 Nc6 7. Ne2 cxd4 8. cxd4
Qb6 9. Nf3 f6 10. exf6 Nxf6 11. O-O Bd6 12. b3 O-O 13. Bf4 Bxf4 14. Nxf4 Ne4 15.
Ne2 Rxf3 16. gxf3 Ng5 17. f4 Nf3+ 18. Kg2 Nfxd4 19. Nxd4 Qxd4 20. Bxh7+ Kxh7 21.
Qh5+ Kg8 22. Qe8+ Kh7 23. Qh5+ Kg8 24. Qe8+ Kh7 25. Qh5+ 1/2-1/2

[Event "TCh-CHN 2017"]
[Site "China CHN"]
[Date "2017.05.23"]
[Round "5.1"]
[Board "2"]
[White "Yu, Ruiyuan"]
[Black "Yu, Yangyi"]
[Result "0-1"]
[WhiteTitle "GM"]
[BlackTitle "GM"]
[WhiteElo "2499"]
[BlackElo "2751"]
[WhiteTeam "Jiangsu"]
[BlackTeam "Beijing"]
[WhiteFideId "8603090"]
[BlackFideId "8603820"]
[EventDate "2017.04.18"]

1. e4 c5 2. Nf3 Nc6 3. d4 cxd4 4. Nxd4 Nf6 5. Nc3 e5 6. Ndb5 d6 7. Bg5 a6 8. Na3
b5 9. Nd5 Be7 10. Bxf6 Bxf6 11. c3 Bg5 12. Nc2 Rb8 13. a4 bxa4 14. Ncb4 Nxb4 15.
Nxb4 Bd7 16. Bxa6 Qa5 17. Qxd6 Rb6 18. Qd3 Be7 19. Rd1 Bg4 20. Rd2 Rxb4 21. cxb4
Bxb4 22. f3 Bxd2+ 23. Qxd2 Qxa6 24. fxg4 O-O 25. Kf2 Qb6+ 26. Kg3 Rd8 27. Qc3
Qa6 28. Qc7 Rd3+ 29. Kf2 Rd2+ 30. Kg3 h6 31. Re1 Qd3+ 32. Kh4 g5+ 33. Kh5 Qa6 0-1

[Event "TCh-CHN 2017"]
[Site "China CHN"]
[Date "2017.05.23"]
[Round "5.1"]
[Board "3"]
[White "Wei, Yi"]
[Black "Fang, Yan"]
[Result "1-0"]
[WhiteTitle "GM"]
[WhiteElo "2743"]
[BlackElo "2426"]
[WhiteTeam "Jiangsu"]
[BlackTeam "Beijing"]
[WhiteFideId "8603405"]
[BlackFideId "8604746"]
[EventDate "2017.04.18"]

1. e4 e6 2. d4 d5 3. Nc3 dxe4 4. Nxe4 Bd7 5. Nf3 Bc6 6. Neg5 Be7 7. Bc4 Bd5 8.
Bd3 Nd7 9. c4 Bxf3 10. Nxf3 Ngf6 11. O-O O-O 12. Qe2 Re8 13. b3 c6 14. Bb2 Qc7
15. g3 Bf8 16. Kg2 a6 17. Rad1 b5 18. Bb1 Qb7 19. Ne5 bxc4 20. Qxc4 Rec8 21. Kg1
Nxe5 22. dxe5 Nd5 23. Be4 a5 24. Qc2 g6 25. Rd4 Bg7 26. Rc4 Nb4 27. Qb1 Rab8 28.
Rfc1 Bf8 29. Bd4 Rd8 30. h4 Qb5 31. Bb2 Rd2 32. Bc3 Rdd8 33. h5 Bg7 34. hxg6
hxg6 35. Bd4 Rd7 36. Bc5 Nd5 37. Bd6 Rbd8 38. Rxc6 Qe2 39. Re1 Qh5 40. Bxd5 exd5
41. Qd3 1-0

[Event "TCh-CHN 2017"]
[Site "China CHN"]
[Date "2017.05.23"]
[Round "5.1"]
[Board "4"]
[White "Zhao, Xue"]
[Black "Guo, Qi"]
[Result "1/2-1/2"]
[WhiteTitle "GM"]
[BlackTitle "IM"]
[WhiteElo "2477"]
[BlackElo "2396"]
[WhiteTeam "Beijing"]
[BlackTeam "Jiangsu"]
[WhiteFideId "8601283"]
[BlackFideId "8604002"]
[EventDate "2017.04.18"]

1. d4 Nf6 2. c4 e6 3. g3 d5 4. Nf3 Bb4+ 5. Bd2 Be7 6. Bg2 O-O 7. O-O c6 8. Qc2
b6 9. Ne5 Bb7 10. Bf4 Nbd7 11. cxd5 cxd5 12. Nc6 Bxc6 13. Qxc6 Rc8 14. Qa4 Rc4
15. Qd1 Qc8 16. Nc3 Qb7 17. Qd3 Rcc8 18. Rfc1 a6 19. Rc2 b5 20. Rac1 Nb6 21. f3
Rc4 22. b3 Rcc8 23. Nd1 Rxc2 24. Rxc2 Rc8 25. e4 Rxc2 26. Qxc2 Qd7 27. Qc7 Bd8
28. Qxd7 Nbxd7 29. e5 Ne8 30. Kf2 Bb6 31. Ke3 Nb8 32. Nc3 Nc6 33. Ne2 Nb4 34. a4
Nc2+ 35. Kd2 Nxd4 36. Nxd4 Bxd4 37. Bf1 Nc7 38. g4 Kf8 39. h4 h6 40. h5 Ke7 41.
Bd3 Kd7 42. Bg3 Kc6 43. Bh7 Kd7 44. Bd3 Ba1 45. Kc2 Bd4 1/2-1/2

[Event "TCh-CHN 2017"]
[Site "China CHN"]
[Date "2017.05.23"]
[Round "5.2"]
[Board "1"]
[White "Wan, Yunguo"]
[Black "Zhou, Jianchao"]
[Result "1/2-1/2"]
[WhiteTitle "GM"]
[BlackTitle "GM"]
[WhiteElo "2486"]
[BlackElo "2597"]
[WhiteTeam "Hebei"]
[BlackTeam "Shanghai"]
[WhiteFideId "8603189"]
[BlackFideId "8603537"]
[EventDate "2017.04.18"]

1. e4 c5 2. Nf3 d6 3. d4 cxd4 4. Nxd4 Nf6 5. Nc3 a6 6. Be2 e6 7. a4 Nc6 8. O-O
Be7 9. Be3 O-O 10. f4 Qc7 11. Kh1 Re8 12. Bf3 Rb8 13. Qe2 e5 14. Nxc6 bxc6 15.
fxe5 dxe5 16. a5 Rxb2 17. Bb6 Qb7 18. Na4 Rb5 19. Qe3 Bg4 20. c4 Rb4 21. Bxg4
Nxg4 22. Qe2 Nf6 23. Rfb1 Rxb1+ 24. Rxb1 h5 25. Rd1 Qc8 26. h3 g6 27. Qd3 h4 28.
Nc5 Bxc5 29. Bxc5 Kg7 30. Bf2 Rh8 31. Rb1 g5 32. Rb6 Nd7 33. Rb3 Rd8 34. Qd6 Re8
35. Be3 Re6 36. Qd1 Rg6 37. Qc1 g4 38. hxg4 Nf6 39. Bh6+ Kh7 40. g5 Nxe4 41. Rf3
f6 42. Qe1 Qg4 43. Qe3 Nxg5 44. Bxg5 Rxg5 45. Qf2 f5 46. Rh3 Kh6 47. Rd3 e4 48.
Rd6+ Rg6 49. Rd8 h3 50. Rh8+ Kg5 51. Qd2+ Kf6 52. Qd8+ Ke5 53. Re8+ Re6 54. Qb8+
Kd4 55. Qb2+ Kxc4 56. Rxe6 hxg2+ 57. Qxg2 Qd1+ 58. Kh2 Qd5 59. Qa2+ Kb5 60. Qb2+
Kc4 61. Re5 Qd6 62. Kg2 Qg6+ 63. Kf1 Qh6 64. Qc2+ Kd4 65. Qb2+ Kc4 66. Qf2 Qc1+
67. Kg2 Qg5+ 68. Qg3 Qd2+ 69. Kh3 Qh6+ 70. Kg2 Qd2+ 71. Kg1 Qc1+ 72. Kh2 Qh6+
73. Kg2 1/2-1/2

[Event "TCh-CHN 2017"]
[Site "China CHN"]
[Date "2017.05.23"]
[Round "5.2"]
[Board "2"]
[White "Zhang, Ziji"]
[Black "Ni, Hua"]
[Result "1/2-1/2"]
[BlackTitle "GM"]
[WhiteElo "2355"]
[BlackElo "2671"]
[WhiteTeam "Hebei"]
[BlackTeam "Shanghai"]
[WhiteFideId "8609470"]
[BlackFideId "8601160"]
[EventDate "2017.04.18"]

1. d4 d6 2. Nf3 Nf6 3. c4 g6 4. Nc3 Bf5 5. g3 Bg7 6. Bg2 Ne4 7. Bd2 Nxd2 8. Qxd2
Nc6 9. O-O O-O 10. h3 a6 11. Rac1 Rb8 12. Rfd1 e5 13. d5 Ne7 14. e4 Bd7 15. c5
Kh8 16. b4 Ng8 17. Qe2 f5 18. a4 Bh6 19. Ra1 Nf6 20. Nd2 Qe7 21. cxd6 cxd6 22.
Nc4 Rbc8 23. Ra3 f4 24. Nb6 Rc7 25. g4 Bg5 26. Bf3 h5 27. Kg2 Kg7 28. gxh5 gxh5
29. Nxd7 Qxd7 30. Bxh5 Rh8 31. Bg4 Nxg4 32. hxg4 Kg6 33. Rh1 Rxh1 34. Kxh1 Qh7+
35. Kg2 f3+ 36. Qxf3 Rf7 37. Qd3 Rf4 38. Ne2 Rxg4+ 39. Ng3 Bf4 40. Qc2 Qd7 41.
Rc3 Rh4 42. Nf5 Rh2+ 43. Kf1 Qh7 44. Qd3 Qh5 45. Qf3 Qxf3 46. Rxf3 Rh1+ 47. Ke2
Rb1 48. b5 axb5 49. axb5 Rxb5 50. Nxd6 Rb2+ 51. Kd3 Rb3+ 52. Ke2 Rb2+ 53. Kd3
Rb3+ 54. Ke2 1/2-1/2

[Event "TCh-CHN 2017"]
[Site "China CHN"]
[Date "2017.05.23"]
[Round "5.2"]
[Board "3"]
[White "Peng, Xiongjian"]
[Black "Lou, Yiping"]
[Result "1/2-1/2"]
[BlackTitle "IM"]
[WhiteElo "2410"]
[BlackElo "2462"]
[WhiteTeam "Hebei"]
[BlackTeam "Shanghai"]
[WhiteFideId "8610550"]
[BlackFideId "8603928"]
[EventDate "2017.04.18"]

1. e4 e6 2. d4 d5 3. Nd2 c5 4. exd5 Qxd5 5. Ngf3 cxd4 6. Bc4 Qd6 7. O-O Nf6 8.
Nb3 Nc6 9. Nbxd4 Nxd4 10. Nxd4 a6 11. Re1 Qc7 12. Qe2 Bd6 13. h3 O-O 14. Bg5 Bf4
15. Bxf6 gxf6 16. Bd3 f5 17. Qh5 Qd8 18. Nf3 Qf6 19. g4 b6 20. gxf5 exf5 21. Qh4
Qxh4 22. Nxh4 Bg5 23. Nxf5 Bxf5 24. Bxf5 Rfe8 25. Bd3 Bf6 26. c3 a5 27. Kg2 Rxe1
28. Rxe1 Rd8 29. Re3 h6 30. f4 Kf8 31. Kf3 Be7 32. Ke4 Bc5 33. Rg3 Re8+ 34. Kd5
Re3 35. Rxe3 Bxe3 36. Kc6 Ke7 37. a4 Kd8 38. Bf5 Bf2 39. Bg4 Be3 40. b4 Bf2 41.
Bh5 Ke7 42. Bg4 Kd8 43. bxa5 bxa5 44. c4 Be3 45. f5 Ke7 46. c5 f6 47. Be2 Kd8
48. Bf3 Bf4 49. Bd5 Bg3 50. Bc4 Bf4 51. Kb6 Bc7+ 52. Kb5 Kd7 53. Be6+ Kd8 54.
Kc4 Bg3 55. Kd5 h5 56. Bf7 h4 1/2-1/2

[Event "TCh-CHN 2017"]
[Site "China CHN"]
[Date "2017.05.23"]
[Round "5.2"]
[Board "4"]
[White "Ju, Wenjun"]
[Black "Yang, Yijing"]
[Result "1/2-1/2"]
[WhiteTitle "GM"]
[BlackTitle "WCM"]
[WhiteElo "2567"]
[BlackElo "2031"]
[WhiteTeam "Shanghai"]
[BlackTeam "Hebei"]
[WhiteFideId "8603006"]
[BlackFideId "8608601"]
[EventDate "2017.04.18"]

1. Nf3 Nf6 2. c4 g6 3. Nc3 d5 4. cxd5 Nxd5 5. Qb3 Nb6 6. d4 Bg7 7. e4 O-O 8. Be3
Be6 9. d5 Bg4 10. Be2 c6 11. h3 Bxf3 12. Bxf3 cxd5 13. exd5 N8d7 14. O-O Ne5 15.
Be2 Rc8 16. Nb5 Nbc4 17. Nxa7 Nxe3 18. fxe3 Rc5 19. Rfd1 Qb8 20. Nb5 Rfc8 21. a4
h5 22. Rf1 Nc4 23. Bxc4 Rxc4 24. Rad1 Be5 25. Na3 R4c7 26. e4 Qa7+ 27. Kh1 Qa6
28. Qf3 f6 29. Nb5 Rc2 30. Qb3 Rxb2 31. Qd3 Rbc2 32. d6 exd6 33. Qd5+ Kg7 34.
Qe6 R2c6 35. Qb3 Rc4 36. Qf3 Rf8 37. Rd2 Rxa4 38. Qd3 Rb4 39. Nxd6 Qxd3 40. Rxd3
Bxd6 41. Rxd6 Rxe4 42. Rb1 Rf7 43. Rb2 g5 44. Rdb6 Ree7 45. Kh2 h4 46. R2b5 Kg6
47. Kg1 Kh5 48. Rf5 Kg6 49. Rfb5 Rc7 50. Kh2 Rfe7 51. Rb2 Rf7 52. R2b5 Kh5 53.
Re6 Rce7 54. Rd6 Kg6 55. Rdb6 Kg7 56. Rb2 Rc7 57. R2b5 Kf8 58. Rb2 Ke8 59. Ra2
Kd8 60. Ra8+ Rc8 61. Ra7 Rb8 62. Rb2 Rd7 63. Rb6 Rf7 64. Rb2 Kc8 65. Rb6 Kc7 66.
Rb2 Rd7 67. Rb1 Kd8 68. Rb6 Kc7 69. Rxf6 Rg7 70. Rf2 Rd7 71. Rf5 Rg7 72. Ra4
Rbg8 73. Rc4+ Kb8 74. Rg4 b6 75. g3 hxg3+ 76. Kxg3 Kb7 77. Kg2 Ka6 78. Ra4+ Kb7
79. Rg4 1/2-1/2

[Event "TCh-CHN 2017"]
[Site "China CHN"]
[Date "2017.05.23"]
[Round "5.2"]
[Board "5"]
[White "Ni, Shiqun"]
[Black "Zhai, Mo"]
[Result "0-1"]
[WhiteTitle "WGM"]
[BlackTitle "WGM"]
[WhiteElo "2441"]
[BlackElo "2302"]
[WhiteTeam "Shanghai"]
[BlackTeam "Hebei"]
[WhiteFideId "8608466"]
[BlackFideId "8600201"]
[EventDate "2017.04.18"]

1. e4 e6 2. d4 d5 3. Nd2 Be7 4. Bd3 c5 5. dxc5 Nf6 6. Qe2 O-O 7. Ngf3 a5 8. c3
Qc7 9. O-O Na6 10. exd5 Nxd5 11. Qe4 Nf6 12. Qe2 Nxc5 13. Bc2 b5 14. Rd1 Ba6 15.
Nf1 a4 16. Qe1 Rfc8 17. Bg5 Bb7 18. Nd4 Rab8 19. Bh4 Nh5 20. Bxe7 Qxe7 21. Qe3
Qf6 22. Ne2 g6 23. Rd2 Bd5 24. a3 Nd7 25. Be4 Nb6 26. Bxd5 Nxd5 27. Qa7 Ra8 28.
Qd4 Qg5 29. Rad1 Nhf6 30. Qd3 Rab8 31. Nd4 h5 32. Qg3 Qxg3 33. hxg3 Kg7 34. f3
Nd7 35. Nc2 Ne5 36. Nfe3 Nb6 37. Nb4 Kf6 38. Kf2 Nbc4 39. Nxc4 Nxc4 40. Rc2 Rd8
41. Rxd8 Rxd8 42. Ke2 g5 43. Nd3 Kf5 44. Nf2 Rd5 45. Nd3 Kg6 46. Nb4 Rd6 47. Nd3
f6 48. Nc5 f5 49. Nd3 Kf6 50. Nc5 e5 51. Nd3 e4 52. fxe4 fxe4 53. Nf2 Kf5 54.
g4+ hxg4 55. Nh1 Rd3 56. Kf2 Kf4 57. g3+ Ke5 58. Ke2 Re3+ 59. Kf1 Rf3+ 60. Ke1
Ne3 61. Rh2 Nc4 62. Rh5 Kf5 63. Rh8 e3 64. Rb8 Nd6 65. Ke2 Ke4 66. Rd8 Rf6 67.
Rd7 Rh6 68. Re7+ Kf5 69. Kxe3 Rxh1 70. Kd4 Kf6 71. Re2 Nf5+ 72. Kc5 Nxg3 73. Rg2
Ne4+ 74. Kxb5 g3 75. Kxa4 Rh2 0-1

[Event "TCh-CHN 2017"]
[Site "China CHN"]
[Date "2017.05.23"]
[Round "5.3"]
[Board "1"]
[White "Bu, Xiangzhi"]
[Black "Bai, Jinshi"]
[Result "1-0"]
[WhiteTitle "GM"]
[BlackTitle "GM"]
[WhiteElo "2730"]
[BlackElo "2556"]
[WhiteTeam "Shandong"]
[BlackTeam "Hangzhou"]
[WhiteFideId "8601445"]
[BlackFideId "8602280"]
[EventDate "2017.04.18"]

1. c4 g6 2. d4 Nf6 3. Nf3 Bg7 4. e3 O-O 5. Be2 b6 6. Nc3 Bb7 7. d5 e6 8. e4 exd5
9. exd5 Na6 10. O-O Nc5 11. Bg5 h6 12. Bh4 a5 13. Nd4 Re8 14. Bf3 d6 15. h3 g5
16. Bg3 Nfe4 17. Ncb5 Ba6 18. Qc2 Bxb5 19. Nxb5 Qd7 20. Bh2 Re7 21. Rae1 f5 22.
Bh5 Be5 23. f3 Nf6 24. Bxe5 Nxh5 25. Bc3 Rae8 26. Rxe7 Rxe7 27. Nd4 Ng7 28. b3
Re8 29. Bb2 Qf7 30. Qc3 Qf6 31. a3 Qe5 32. Nb5 Qxc3 33. Bxc3 Nxb3 34. Nxc7 Rc8
35. Nb5 Rxc4 36. Bxg7 Kxg7 37. Nxd6 Ra4 38. Rd1 Kf6 39. Nc8 Rd4 40. Rb1 Nd2 41.
Rxb6+ Ke5 42. Ne7 Nc4 43. Re6+ Kf4 44. Kh2 g4 45. Ng6+ Kg5 46. h4+ Kh5 47. Kg3
Ne3 48. Nf4+ Rxf4 49. Kxf4 Nxg2+ 50. Kg3 Nxh4 51. fxg4+ Kg5 52. d6 f4+ 53. Kh3
f3 54. d7 1-0

[Event "TCh-CHN 2017"]
[Site "China CHN"]
[Date "2017.05.23"]
[Round "5.3"]
[Board "2"]
[White "Wen, Yang"]
[Black "Ma, Qun"]
[Result "1-0"]
[WhiteTitle "GM"]
[BlackTitle "GM"]
[WhiteElo "2605"]
[BlackElo "2638"]
[WhiteTeam "Shandong"]
[BlackTeam "Hangzhou"]
[WhiteFideId "8602956"]
[BlackFideId "8603154"]
[EventDate "2017.04.18"]

1. Nf3 d5 2. g3 Bg4 3. Bg2 c6 4. O-O Nd7 5. h3 Bh5 6. d3 Ngf6 7. Qe1 e5 8. e4
dxe4 9. dxe4 Be7 10. Nh4 O-O 11. Nf5 Bc5 12. a4 Re8 13. Na3 Qc7 14. Bd2 a5 15.
Nc4 b6 16. Bc3 Bg6 17. Nh4 Bh5 18. Kh1 Rad8 19. f4 exf4 20. gxf4 Bg6 21. Nxg6
hxg6 22. e5 Nd5 23. Qg3 Nf8 24. f5 Nxc3 25. bxc3 gxf5 26. Rxf5 Rd7 27. Nb2 Rde7
28. Nd3 Ng6 29. Rg5 Re6 30. Be4 Be7 31. Rg4 Bf8 32. Rg1 b5 33. h4 Rxe5 34. Bxg6
fxg6 35. Re4 Bd6 36. Nxe5 Rxe5 37. Qxg6 Qd7 38. Qg4 Qf7 39. Rxe5 Bxe5 40. Qe4
Qf6 41. axb5 cxb5 42. c4 bxc4 43. Qxc4+ Kh8 44. Rf1 Qd8 45. Qe4 Bf6 46. Re1 Bxh4
47. Qe8+ Qxe8 48. Rxe8+ Kh7 49. Ra8 Be1 50. c4 Bb4 51. Ra6 g6 52. Kg2 Kh6 53.
Kf3 Kh5 54. c5 g5 55. c6 1-0

[Event "TCh-CHN 2017"]
[Site "China CHN"]
[Date "2017.05.23"]
[Round "5.3"]
[Board "3"]
[White "Zhao, Jun"]
[Black "Gao, Rui"]
[Result "1/2-1/2"]
[WhiteTitle "GM"]
[BlackTitle "GM"]
[WhiteElo "2604"]
[BlackElo "2546"]
[WhiteTeam "Shandong"]
[BlackTeam "Hangzhou"]
[WhiteFideId "8602522"]
[BlackFideId "8602387"]
[EventDate "2017.04.18"]

1. e4 c5 2. Nf3 d6 3. d4 cxd4 4. Nxd4 Nf6 5. Nc3 a6 6. Be2 e5 7. Nf3 Be7 8. Bg5
Be6 9. Bxf6 Bxf6 10. Qd2 O-O 11. O-O Qc7 12. Nd5 Bxd5 13. Qxd5 Nd7 14. c3 Be7
15. Nd2 Nf6 16. Qd3 Qc6 17. Bf3 Bd8 18. Nc4 Bc7 19. Rad1 Rad8 20. Rd2 g6 21.
Rfd1 Kg7 22. h3 h6 23. a3 Rfe8 24. Ne3 Bb6 25. Nd5 Nxd5 26. Qxd5 Qc7 27. Rd3 Re6
28. R1d2 Rf6 29. Bd1 Re8 30. Bf3 h5 31. Bd1 Ree6 32. Bf3 Ba7 33. Qb3 Rf4 34. g3
Rff6 35. h4 Bb6 36. Kg2 Ba7 37. Re2 Bb6 38. Red2 Ba7 39. Rd5 Re8 40. a4 Bb6 41.
Qb4 a5 42. Qb5 Rc8 43. Bd1 Bc5 44. Bb3 Ra8 45. R5d3 Qc6 46. Bd5 Qxb5 47. axb5
Ra7 48. Re2 Kh6 49. Rd1 b6 50. Rf1 g5 51. hxg5+ Kxg5 52. Rh1 Rc7 53. Rh4 Rc8 54.
f3 Rh8 55. Re1 Rhh6 56. Reh1 Rh7 57. Bc6 Rfh6 58. Kf1 Kf6 59. Ke2 Rh8 60. R1h2
Bg1 61. R2h3 Bc5 62. Rh1 R8h7 63. Bd5 Rh8 64. R1h2 R8h7 65. Ba2 Rh8 66. Rh1 R8h7
67. Bd5 Rh8 68. b3 R6h7 69. g4 Kg5 70. Kd3 Bf2 71. Rxh5+ Rxh5 72. gxh5 Rxh5 73.
Rf1 Rh2 74. Bxf7 Bc5 75. Bd5 Rf2 76. Rxf2 Bxf2 77. Be6 Kf6 78. Bg4 Ke7 1/2-1/2